[Event "Berlin Lichtenberger op 16th"]
[Site "Berlin"]
[Date "2017.08.25"]
[Round "7"]
[White "Fock, Amina"]
[Black "Polatel, Nur"]
[Result "1-0"]
[WhiteElo "1587"]
[BlackElo "1355"]
[PlyCount "81"]
[EventDate "2017.08.19"]
[EventType "swiss"]
[EventRounds "9"]
[EventCountry "GER"]
[SourceTitle "CBM 180 Extra"]
[Source "ChessBase"]
[SourceDate "2017.10.06"]
[SourceVersion "1"]
[SourceVersionDate "2017.10.06"]
[SourceQuality "1"]

1. e4 e5 2. Nf3 Nc6 3. Bb5 a6 4. Ba4 Nf6 5. 0-0 Be7 6. Re1 b5 7. Bb3 d6 8. c3 Nb8 9. d3 Nbd7 10. Nbd2 Nc5 11. Bc2 0-0 12. Nf1 Re8 13. Ne3 Bf8 14. b4 Ne6 15. Nf5 Bb7 16. h3 c5 17. a3 Qc7 18. Bb2 Rec8 19. Rc1 a5 20. Bb1 Qb6 21. Qd2 Rd8 22. Qe3 Qc7 23. c4 Ba6 24. cxb5 Bxb5 25. bxc5 dxc5 26. Bxe5 Qb6 27. Nh6+ Kh8 28. Nxf7+ Kg8 29. Nxd8 Rxd8 30. Bxf6 gxf6 31. Nh4 Qc7 32. Nf5 c4 33. dxc4 Ba4 34. Ba2 Nc5 35. Rc3 Rd7 36. Nd4 Rg7 37. Nb5 Qe5 38. Qd4 Qh5 39. Qd5+ Qxd5 40. exd5 Nd7 41. d6 1-0